|
|
|
|
| LEADER |
00000nam0a2200000 4500 |
| 001 |
279946 |
| 005 |
20231101235246.0 |
| 035 |
|
|
|a (RuTPU)RU\TPU\book\303251
|
| 090 |
|
|
|a 279946
|
| 100 |
|
|
|a 20141224d1986 k y0rusy50 ca
|
| 101 |
0 |
|
|a rus
|
| 102 |
|
|
|a RU
|
| 105 |
|
|
|a c z 001zy
|
| 200 |
1 |
|
|a Теория вероятностей и математическая статистика
|f А. Н. Колмогоров,
|
| 210 |
|
|
|a Москва
|c Наука
|d 1986
|
| 215 |
|
|
|a 535 с.
|c портр.
|
| 320 |
|
|
|a Библиогр. в конце ст.
|
| 606 |
1 |
|
|a Вероятностей теория и математическая статистика
|2 stltpush
|3 (RuTPU)RU\TPU\subj\2260
|9 30847
|
| 610 |
1 |
|
|a сходимость
|
| 610 |
1 |
|
|a теорема Лапласа
|
| 610 |
1 |
|
|a теорема Ляпунова
|
| 610 |
1 |
|
|a цепи Маркова
|
| 610 |
1 |
|
|a случайные процессы
|
| 610 |
1 |
|
|a случайные функции
|
| 610 |
1 |
|
|a предельные теоремы
|
| 675 |
|
|
|a 519.2
|v 4
|
| 700 |
|
1 |
|a Колмогоров
|b А. Н.
|g Андрей Николаевич
|
| 801 |
|
1 |
|a RU
|b 63413507
|c 20141224
|
| 801 |
|
2 |
|a RU
|b 63413507
|c 20170426
|g RCR
|
| 942 |
|
|
|c BK
|